| 000 | 00658nam a2200157Ia 4500 | ||
|---|---|---|---|
| 008 | 220216s9999 xx 000 0 und d | ||
| 100 | _aThankamony S. | ||
| 245 | 0 | _aEffect of different inoculum levels of Meloidogyne incognita on the growth and biochemical constitutents of Pueraria phaseoloides | |
| 260 |
_bIn: Preprints of Papers. International Natural Rubber Conference, India 2005, 6-8 November 2005, Rubber Research Institute of India, Kottayam, Kerala, India, pp. 526-531. _c2005 |
||
| 650 | _aMeloidogyne incognita | ||
| 650 | _aPueraria phaseoloides | ||
| 700 | _aJacob C.K. | ||
| 700 | _aJose V.T. | ||
| 700 | _aKothandaraman R. | ||
| 942 | _cBS | ||
| 999 |
_c52946 _d52946 |
||